| 000 | 00561nam a2200205Ia 4500 | ||
|---|---|---|---|
| 003 | OSt | ||
| 005 | 20251119102956.0 | ||
| 008 | 210210b1933 xxu||||| |||| 00| 0 eng d | ||
| 040 | _cAL | ||
| 041 | _aKannada | ||
| 082 | _a851/123 | ||
| 100 |
_aGUNA VARMA _dಗುಣವರ್ಮ _9246345 |
||
| 245 |
_aPushpadanta purana _bಪುಷ್ಪದಂತ ಪುರಾಣ |
||
| 260 |
_aMadras _bUniversity of Madras _c1933 |
||
| 650 |
_aPushpadanta _9246346 |
||
| 650 |
_apurana _9246347 |
||
| 690 |
_aKannada Poetry _9246348 |
||
| 906 | _a018140 | ||
| 942 |
_2ddc _cBK |
||
| 999 |
_c141268 _d141268 |
||